[Event "MTS Logistics 2017"]
[Site "Urla"]
[Date "2017.07.08"]
[Round "3.2"]
[White "Evdokimov, Alexander A"]
[Black "Arat, Ufuk Sezen"]
[Result "1-0"]
[WhiteElo "2493"]
[BlackElo "2400"]
[Annotator "TA"]
[PlyCount "161"]
[EventDate "2017.??.??"]
[EventType "schev"]
[EventCountry "TUR"]
[SourceTitle "playchess.com"]
[Source "ChessBase"]
[SourceQuality "1"]

{[%evp 22,161,0,0,42,42,63,68,60,51,51,54,58,66,67,36,37,50,50,10,5,13,6,10,0,0,0,0,0,0,10,20,26,7,33,33,29,39,26,22,35,18,21,21,115,117,125,124,108,106,106,106,107,111,120,118,117,0,102,103,102,94,364,131,123,112,221,208,208,127,127,0,182,0,126,117,119,118,125,126,126,126,126,85,85,85,127,125,125,119,387,385,398,398,369,343,530,744,707,637,649,532,941,934,828,820,689,0,29955,29956,11411,29955,29958,29957,29959,29957,29955,29956,29959,29961,29961,29962,29957,1949,2647,1620,29976,29961,29980,29981,29981,29980,29980,29981,29981,29982,29982,29983,29983,29984,29984,29985]} 1. Nf3 Nf6 2. c4 c5 3. Nc3 e6 4. g3 b6 5. Bg2 Bb7 6. O-O d6 7. d4 cxd4 8. Qxd4 Be7 9. Bg5 h6 {A30: Symmetrical English: Double Fianchetto and Hedgehog} (9... a6 10. Bxf6 Bxf6 11. Qf4 O-O 12. Rfd1 Be7 13. Ne4 Bxe4 14. Qxe4 Ra7 15. Nd4 Rc7 16. b3 Qc8 17. e3 Bf6 18. a4 Nd7 19. Rab1 Nc5 20. Qf3 Rd8 21. Nc6 Rdd7 22. h4 a5 {½-½ (42) Rakhmanov,A (2676)-Gabuzyan,H (2570) Minsk 2017}) 10. Bxf6 Bxf6 11. Qf4 Bxc3 12. bxc3 {LiveBook: 10 Games} Qe7 13. Rfd1 e5 $146 ({Predecessor:} 13... d5 14. Ne5 dxc4 15. Nxf7 O-O 16. Bxb7 Rxf7 17. Qe4 Nd7 18. Bxa8 Nc5 19. Qxc4 Qf8 20. Bf3 e5 21. Bd5 {1-0 (21) Zavyalov,M (2131)-Chistyakov,N (2033) Novokuznetsk 2014}) 14. Qd2 Na6 15. Qxd6 Qxd6 16. Rxd6 Bxf3 17. Bxf3 Rd8 18. Rc6 O-O 19. a4 Nc5 20. Rc7 e4 21. Bg2 a5 22. Rc6 Rb8 23. f3 Rfc8 24. Rd6 Rd8 25. Rd5 Rxd5 26. cxd5 exf3 27. exf3 $11 {[%mdl 4096] Endgame KRB-KRN} Kf8 28. Bf1 Rd8 29. Bc4 Rd7 30. Kf2 Ke7 31. Re1+ Kd6 32. Bb5 Re7 (32... Rc7 $11) 33. Rxe7 $16 Kxe7 {KB-KN} 34. Ke3 Kd6 35. Bc6 Ke5 36. f4+ Kd6 37. Kd4 Na6 38. Kc4 {Black must now prevent Kb5.} Nc7 39. Kd4 Na6 $1 40. Be8 Ke7 41. Bb5 Nc7 $2 {[%mdl 8192]} (41... Nc5 $16 {is a better defense.} 42. Ke5 f6+ 43. Kd4 Nb3+ 44. Ke3 Kd6) 42. Kc4 $2 (42. c4 $18 {and White stays clearly on top.}) 42... Kd6 43. Bc6 Ke7 (43... h5 $16 44. h3 Ke7) 44. Kd4 $18 Kd6 45. Bb7 Ne8 46. Bc6 (46. Bc8 $16) 46... Nc7 $1 47. Bb7 ({Better is} 47. g4 $1 $18) 47... Ne8 $1 $16 48. c4 Nf6 49. Bc8 Kc7 50. Bf5 Kd6 51. Bh3 Ng8 52. Bc8 Ne7 53. Bg4 (53. Bb7 {seems wilder.} h5 54. Ke4 Ng8 55. Ba6 Nh6 56. Bc8) 53... Ng8 54. Bh5 g6 55. Bf3 f5 $2 {[%mdl 8192] [#]} (55... Ne7 $16 56. g4 g5 57. fxg5 hxg5) 56. g4 $1 $18 {[%cal Rg4f5]} fxg4 57. Bxg4 Nf6 58. h3 g5 (58... Ne8 {was necessary.} 59. Bd1 Nf6) 59. fxg5 hxg5 60. Bc8 Ne8 61. Be6 Nf6 {[#]} 62. Bg4 $1 {[%cal Rg4d1]} Ne8 63. Ke4 Ke7 64. Kd4 $2 (64. Be2 $18 {aiming for Kf5.} Nd6+ 65. Kd4) 64... Kf6 $2 {[%mdl 8192]} (64... Kd6 $11) 65. c5 bxc5+ 66. Kxc5 Ke5 67. Be6 Nd6 68. Kb6 Nc4+ 69. Kb5 Kd4 70. Bg8 Nd6+ 71. Kxa5 Kc5 72. Ka6 Nc4 73. Kb7 Kb4 74. Kc6 {White mates.} Kxa4 75. d6 Ne5+ 76. Kd5 Nd7 77. Be6 Nb6+ 78. Ke5 Kb5 79. d7 Nxd7+ 80. Bxd7+ Kc5 81. Be8 {Precision: White = 69%, Black = 49%.} 1-0

[Event "MTS Logistics 2017"]
[Site "Urla"]
[Date "2017.07.08"]
[Round "3.3"]
[White "Bulmaga, Irina"]
[Black "Guseynov, Alihan"]
[Result "1/2-1/2"]
[WhiteElo "2412"]
[BlackElo "2352"]
[Annotator "TA"]
[PlyCount "131"]
[EventDate "2017.??.??"]
[EventType "schev"]
[EventCountry "TUR"]
[SourceTitle "playchess.com"]
[Source "ChessBase"]
[SourceQuality "1"]

{[%evp 14,131,32,27,27,35,25,28,22,31,28,24,30,16,29,0,0,0,0,-59,54,55,51,60,54,68,53,56,81,76,81,35,56,32,35,2,33,27,15,-23,-29,-25,-27,-27,-13,-20,-20,-20,-20,-20,-20,-20,-20,-20,-20,-21,-15,-41,-31,-29,-28,-43,-4,-8,-8,-25,-20,-37,-37,-25,-14,-12836,-12836,-12837,-12837,-12837,-12837,-12841,-12841,-12842,-12842,-12843,-12839,-12843,-12843,-12843,-12844,-12846,-12840,-12842,-12843,-12843,-12843,-12847,-12848,-12848,-12849,-29967,-29964,-12851,0,0,0,-12851,0,0,0,-12851,0,0,0,0,0,0,0,0,0,0,0,0]} 1. e4 c5 2. Nf3 Nc6 3. d4 cxd4 4. Nxd4 e5 5. Nb5 {[%cal Bd4b5,Bb5a3,Ba3c4][%mdl 32]} d6 6. N1c3 a6 7. Na3 Be7 8. Nc4 b5 {B32: Sicilian: Löwenthal and Kalashnikov Variations} 9. Ne3 $1 Nf6 10. Bd3 O-O {White has an edge.} 11. O-O Nb4 12. Be2 {[%cal Bd3e2,Be2f3,Bf3e4,Be4d5][%mdl 32]} Be6 13. Bf3 Nc6 {[#]} 14. Nf5 $146 ({Predecessor:} 14. g3 Nd4 15. Bg2 Rc8 16. a3 {½-½ (41) Naiditsch,A (2691)-Hracek,Z (2615) Rijeka 2010}) 14... Bxf5 15. exf5 Rc8 16. Bg5 ({White should try} 16. a3 $11) 16... Nd4 (16... b4 $1 $15 17. Bxf6 bxc3 18. Bxe7 Nxe7) 17. Bxf6 $14 Bxf6 18. Be4 g6 19. fxg6 hxg6 20. Nd5 Bg7 21. c3 Ne6 22. Ne3 Nc5 23. Bd5 Kh7 24. Qg4 (24. Bb3 $5) 24... f5 25. Qh3+ Bh6 26. Rad1 (26. Bb3 $5) 26... Kg7 27. Rfe1 Rh8 28. Qf3 $1 e4 29. Nxf5+ gxf5 30. Qxf5 {[%csl Gd5][%cal Rf5f7] [#]} Rf8 31. Qg4+ Qg5 32. Qxg5+ $1 Bxg5 33. Bxe4 Rce8 34. Bc2 Na4 35. Bxa4 Rxe1+ 36. Rxe1 {[#] aiming for Bb3.} bxa4 $11 {[%mdl 4096] Endgame KRB-KR} 37. g3 Bf6 38. a3 d5 39. Rd1 Rd8 40. Kf1 d4 41. cxd4 $1 Rxd4 42. Rxd4 $4 {[%mdl 8192]} (42. Rc1 $11) 42... Bxd4 $15 {KB-KP} 43. Ke2 Bxb2 44. Kd3 Bxa3 $19 {KB-K3P} 45. Kc2 Bc5 46. f3 Bg1 47. h3 Bd4 48. Kb1 Kf6 49. Ka2 Bc5 50. h4 Kf5 51. g4+ Kf4 52. h5 Bf8 53. h6 Bxh6 {KB-KPP} 54. Ka3 Bg7 55. Kxa4 Bc3 56. Kb3 Be1 $2 (56... Bd2 $19 57. Kc2 Be3) 57. Kc4 $11 Bd2 58. Kd3 Ba5 $2 (58... Bc1 $19 59. Kc2 Be3) 59. Kc4 Bd2 60. Kd3 Be1 $2 ({Black should play} 60... Bc1 $19 61. Kc2 Be3) 61. Kc4 {The position is equal.} Kg5 {And now ...Kf4 would win.} 62. Kc5 Bf2+ 63. Kb4 Bb6 {...Kf4 is the strong threat.} 64. Kc4 Kf4 {Threatens to win with ...Ke5.} 65. Kb4 Bd8 {Hoping for ...Kg5.} 66. Ka4 {Precision: White = 55%, Black = 65%.} 1/2-1/2

[Event "MTS Logistics 2017"]
[Site "Urla"]
[Date "2017.07.08"]
[Round "3.4"]
[White "Koksal, Ege"]
[Black "Agdelen, Huseyin Can"]
[Result "1/2-1/2"]
[WhiteElo "2390"]
[BlackElo "2309"]
[Annotator "TA"]
[PlyCount "68"]
[EventDate "2017.??.??"]
[EventType "schev"]
[EventCountry "TUR"]
[SourceTitle "playchess.com"]
[Source "ChessBase"]
[SourceQuality "1"]

{[%evp 13,68,12,31,24,21,25,29,25,29,33,27,19,30,17,29,15,17,16,37,37,75,29,29,0,0,0,0,0,0,0,0,7,15,0,85,73,85,71,81,72,76,82,60,33,35,29,52,27,29,25,70,9,9,11,17,14,15]} 1. d4 d5 2. c4 e6 3. Nc3 Nf6 4. cxd5 exd5 5. Bg5 c6 6. e3 h6 7. Bh4 Bf5 8. Qf3 {D35: Queen's Gambit Declined: Exchange Variation} Bg6 9. Bxf6 Qxf6 10. Qxf6 {White has an edge.} gxf6 11. Kd2 (11. Nf3 Nd7 12. Nh4 Nb6 13. f4 f5 14. Bd3 Nc4 15. Bxf5 Bxf5 16. Nxf5 Nxb2 {1-0 (34) Goganov,A (2632)-Xu,Y (2540) Moscow 2017}) 11... Nd7 12. Bd3 Bd6 13. Nge2 h5 $146 ({Predecessor:} 13... O-O-O 14. g3 h5 15. h4 Bxd3 16. Kxd3 {½-½ (96) Kambrath,Y (2353)-Zhang,C (2223) Brownsville 2017}) 14. h4 Rg8 15. Rag1 Bxd3 16. Kxd3 f5 17. g3 Nf6 18. f3 Kd7 19. Nf4 Rae8 20. Ke2 Rxg3 21. Rxg3 Bxf4 $1 22. Rg7 Rxe3+ 23. Kf2 Ke7 {[#]} (23... Re7 $1 $11) 24. Ne2 $1 $36 {[%cal Re2f4][%mdl 2048] Keeping Black busy.} Bh6 {White must now prevent ...Rxe2+!} 25. Rg5 Bxg5 26. hxg5 Rd3 27. gxf6+ Kxf6 {[%mdl 4096] Endgame KRN-KR} 28. Ke1 Rxf3 29. Rxh5 Re3 30. Rh8 f4 $1 {[%cal Rf4f3] [#] Strongly threatening ...f3.} 31. Kf2 Rd3 32. Rh4 (32. Rb8 $14) 32... Rd2 $11 {The position is equal.} 33. Rxf4+ Ke7 34. b3 Rxa2 {Precision: White = 55%, Black = 58%.} 1/2-1/2

[Event "MTS Logistics 2017"]
[Site "Urla"]
[Date "2017.07.08"]
[Round "3.5"]
[White "Ozen, Deniz"]
[Black "Tuncer, Tuna"]
[Result "1/2-1/2"]
[WhiteElo "2351"]
[BlackElo "2274"]
[Annotator "TA"]
[PlyCount "33"]
[EventDate "2017.??.??"]
[EventType "schev"]
[EventCountry "TUR"]
[SourceTitle "playchess.com"]
[Source "ChessBase"]
[SourceQuality "1"]

{[%evp 24,33,21,13,12,7,7,6,6,6,21,2]} 1. e4 c5 2. Nf3 Nc6 3. Bb5 g6 4. O-O Bg7 5. Re1 Nf6 {[%cal Bg8f6,Bf6d5,Bd5c7,Bc7e6][%mdl 32]} 6. Bxc6 bxc6 7. e5 Nd5 8. c4 Nc7 9. d4 cxd4 10. Qxd4 Ne6 11. Qh4 {B31: Sicilian: 2...Nc6 3 Bb5 g6} d6 12. exd6 Qxd6 13. Nc3 {LiveBook: 12 Games. The position is equal.} Bf6 {[#]} 14. Ne4 $146 ({Predecessor:} 14. Bg5 Nxg5 15. Nxg5 Bf5 16. Nce4 Bxe4 17. Nxe4 Bxh4 18. Nxd6+ Kf8 19. Ne4 Kg7 20. g3 Bf6 21. Nxf6 Kxf6 22. Rad1 Rhd8 23. f4 {½-½ (23) Kasimdzhanov,R (2691)-Gelfand,B (2743) Tashkent 2016}) 14... Bxh4 15. Nxd6+ exd6 16. Nxh4 f6 17. Nf3 1/2-1/2

[Event "MTS Logistics 2017"]
[Site "Urla"]
[Date "2017.07.08"]
[Round "3.6"]
[White "Dedebas, Emre Emin"]
[Black "Kesgin, Halit Kaan"]
[Result "1/2-1/2"]
[WhiteElo "2322"]
[BlackElo "2207"]
[Annotator "TA"]
[PlyCount "36"]
[EventDate "2017.??.??"]
[EventType "schev"]
[EventCountry "TUR"]
[SourceTitle "playchess.com"]
[Source "ChessBase"]
[SourceQuality "1"]

{[%evp 19,24,29,25,0,0,0,5]} 1. d4 d5 2. c4 e6 3. Nf3 Nf6 4. Nc3 c6 5. e3 Nbd7 6. Qc2 Bd6 7. Bd3 O-O 8. O-O dxc4 9. Bxc4 e5 10. h3 exd4 11. Nxd4 {D46: Semi-Slav: 5 e3 Nbd7 6 Bd3, Black avoids the Meran} (11. exd4 Nb6 12. Bb3 Re8 13. Bg5 Be6 14. Rfe1 Bxb3 15. Qxb3 Rxe1+ 16. Rxe1 h6 17. Bxf6 Qxf6 18. a4 Qf5 19. Ne5 Re8 20. a5 Nd7 21. Nf3 Rxe1+ 22. Nxe1 b6 23. axb6 axb6 24. Qc4 c5 25. Nf3 Qc2 26. dxc5 {½-½ (26) Wang,Y (2723)-Lu,S (2616) Shenzhen 2016}) 11... Ne5 12. Be2 Re8 {Predecessor:} 13. Rd1 $146 Qc7 14. b3 Bd7 15. Bb2 Rad8 16. Rac1 Qa5 17. a3 Bb8 18. b4 Qc7 {1-0 (33) Skliba,M (2246)-Mlynek,P (2149) Czechia 2007} 1/2-1/2

[Event "MTS Logistics 2017"]
[Site "Urla"]
[Date "2017.07.08"]
[Round "3.7"]
[White "Gokerkan, Cem Kaan"]
[Black "Maghalashvili, Davit"]
[Result "1/2-1/2"]
[WhiteElo "2321"]
[BlackElo "2489"]
[Annotator "TA"]
[PlyCount "38"]
[EventDate "2017.??.??"]
[EventType "schev"]
[EventCountry "TUR"]
[SourceTitle "playchess.com"]
[Source "ChessBase"]
[SourceQuality "1"]

{[%evp 20,21,33,16]} 1. d4 d5 2. Nf3 Nf6 3. g3 e6 4. Bg2 Be7 5. O-O O-O 6. c4 dxc4 7. Ne5 Nc6 8. Bxc6 bxc6 9. Nxc6 Qe8 10. Nxe7+ Qxe7 11. Qa4 {Predecessor:} e5 $146 12. dxe5 Qxe5 13. Nc3 Ne4 14. Qb5 c5 15. Qxc4 Nxc3 16. bxc3 Be6 17. Qd3 Rad8 18. Qe3 Qh5 19. Re1 Rfe8 {½-½ (31) Radjabov,T (2696)-Aronian,L (2795) Novi Sad 2016} 1/2-1/2

[Event "MTS Logistics 2017"]
[Site "Urla"]
[Date "2017.07.08"]
[Round "3.8"]
[White "Ozen, Bahadir"]
[Black "Firat, Burak"]
[Result "0-1"]
[WhiteElo "2315"]
[BlackElo "2480"]
[Annotator "TA"]
[PlyCount "72"]
[EventDate "2017.??.??"]
[EventType "schev"]
[EventCountry "TUR"]
[SourceTitle "playchess.com"]
[Source "ChessBase"]
[SourceQuality "1"]

{[%evp 9,72,11,22,-25,-16,-14,12,-33,-33,-29,-29,-29,-17,-84,-50,-75,-35,-91,-63,-55,0,-61,-36,-79,-82,-89,-10,-17,0,-156,-144,-200,-224,-307,-77,-64,-47,-53,-59,-86,-91,-85,-100,-231,-226,-269,-297,-198,-154,-155,-104,-12830,-12820,-12835,-12836,-12836,-12837,-12836,-12835,-12836,-12836,-6399,-5497,-12840,-2957]} 1. Nf3 d6 2. g3 e5 3. Bg2 f5 4. c4 Nf6 5. Nc3 Be7 6. c5 {A21: English Opening: 1...e5 2 Nc3} (6. O-O O-O 7. d4 e4 8. Ng5 c6 9. d5 h6 10. Nh3 Nbd7 11. f3 exf3 12. exf3 Qa5 13. Re1 Rf7 14. Nf2 cxd5 15. cxd5 {½-½ (48) Eljanov,P (2702)-Brunello,S (2607) Tromsoe 2013}) 6... e4 $146 ({Predecessor:} 6... Nc6 7. cxd6 cxd6 8. O-O O-O 9. d3 h6 10. b4 Qe8 11. b5 Nd8 12. b6 a6 13. Nd2 Be6 {1-0 (26) Paul,J (1847)-Braun,G (2306) Blankenburg 2005}) 7. cxd6 Bxd6 (7... Qxd6 {is more complex.} 8. Ng1 Nc6 9. Nh3 Be6 10. d3 O-O-O) 8. Ng5 {The position is equal.} h6 9. Nh3 $1 g5 10. d3 {[%cal Rd3e4]} Nc6 11. Be3 (11. Qb3 $11 {keeps the balance.}) 11... Be6 12. Qa4 {[%cal Rd3e4]} exd3 13. Qb5 (13. exd3 $15 O-O 14. O-O-O) 13... Bd7 14. Qxd3 Ne5 (14... Qe7 $15) 15. Qd4 (15. Qc2 $11) 15... Bc6 16. Bxc6+ Nxc6 17. Qa4 Bb4 ({Better is} 17... Qe7 $17) 18. Rd1 $11 Qc8 19. f4 $2 ({White should play} 19. Bd4 $11 Kf7 20. O-O Nxd4 21. Rxd4) 19... Qe6 $17 20. Bd2 (20. Bd4 $17 {was worth a try.} O-O-O 21. Bxf6 Qxf6 22. O-O) 20... O-O-O $19 21. fxg5 {aiming for Nf4.} hxg5 $2 (21... Ne4 $19 {has better winning chances.} 22. Nf4 Qe5) 22. Nxg5 $17 Qe7 {And now ...Rhe8 would win.} 23. a3 $1 {[%cal Ra3b4]} Bc5 {[%mdl 1024] Black has compensation.} 24. Qc4 Nd4 $40 {[%mdl 128] ...Ng4 is the strong threat. Black is out for blood.} 25. Bf4 Ng4 ({Much weaker is} 25... Nc2+ $6 26. Kf1 $11) 26. Rd2 {[#]} (26. e4 $17 {keeps fighting.} Nc2+ 27. Ke2 Rxd1 28. Nxd1 Nd4+ 29. Kd2) 26... Ne3 $1 $19 {[%cal Re3c4]} (26... Rxh2 $2 27. Rxh2 Nxh2 28. Nd5 $18) 27. Qa4 ({But not} 27. Bxe3 Qxe3 28. Nd5 Rxd5) 27... Ng2+ 28. Kd1 Nxf4 29. gxf4 Qe3 ({Black should try} 29... c6 {White must now prevent ...Nxe2!} 30. Qc4 Qe3) 30. Rd3 $2 {[%mdl 8192]} (30. Qc4 $17) 30... Nxe2 $1 {Black is clearly winning.} 31. Rxd8+ Rxd8+ 32. Kc2 Nxc3 33. bxc3 Rd2+ 34. Kb3 Qe2 {[%csl Ge2][%cal Rd2b2]} 35. Rb1 Ra2 36. Qa5 b6 {Precision: White = 30%, Black = 53%.} (36... Bd6 $142 37. Qxa7 Qc2+ 38. Kc4 Qxb1 39. Qd4 Rxh2 40. Qe5 {[#]} b5+ $1 {[%mdl 512]} 41. Qxb5 Qf1+ 42. Kd5 Qxb5+ 43. Ke6 Qd7+ 44. Kd5 Rd2+ 45. Kc4 Qa4#) 0-1

[Event "MTS Logistics 2017"]
[Site "Urla"]
[Date "2017.07.08"]
[Round "3.9"]
[White "Esen, Baris"]
[Black "Yilmazyerli, Mert"]
[Result "1/2-1/2"]
[WhiteElo "2528"]
[BlackElo "2459"]
[Annotator "TA"]
[PlyCount "40"]
[EventDate "2017.??.??"]
[EventType "schev"]
[EventCountry "TUR"]
[SourceTitle "playchess.com"]
[Source "ChessBase"]
[SourceQuality "1"]

{[%evp 25,40,0,0,0,8,-5,-4,-5,-4,0,0,0,9,0,0,1,5]} 1. d4 d5 2. c4 c6 3. cxd5 cxd5 4. Nc3 Nc6 5. Nf3 Nf6 6. Bf4 Bf5 7. e3 e6 8. Bd3 Bxd3 9. Qxd3 Bd6 10. Bxd6 Qxd6 11. O-O O-O 12. Rfc1 Rfc8 13. h3 h6 {The position is equal.} 14. Ne2 {D14: Slav Defence: Exchange variation with ...Bf5} (14. Nd2 Nd7 15. Ne2 Rc7 16. a3 Rac8 17. Rc3 Ne7 18. Rac1 Rxc3 19. Rxc3 Rxc3 20. Qxc3 Qc6 21. Kf1 Kf8 22. Qxc6 Nxc6 23. Nc3 Ke7 24. Ke2 a6 25. Kd3 Kd6 26. f4 f5 27. Ne2 Nf6 {½-½ (27) Li,C (2720)-Bu,X (2705) Doha 2016}) 14... Ne7 15. Rxc8+ Rxc8 16. Rc1 Rxc1+ 17. Nxc1 Qc6 18. Ne2 Nd7 (18... Qb6 $5 {[%cal Rb6b2]}) 19. Qc3 Qxc3 20. Nxc3 {[#]} a6 $146 ({Predecessor:} 20... Nc6 21. Kf1 Kf8 22. Ke2 Ke7 23. Ne1 Kd6 24. Nb5+ Ke7 25. Nc3 {½-½ (25) Haznedaroglu,K (2462)-Barbosa,O (2564) Kolkata 2014}) 1/2-1/2

[Event "MTS Logistics 2017"]
[Site "Urla"]
[Date "2017.07.08"]
[Round "3.10"]
[White "Nevednichy, Vladislav"]
[Black "Drasko, Milan"]
[Result "1/2-1/2"]
[WhiteElo "2524"]
[BlackElo "2451"]
[Annotator "TA"]
[PlyCount "104"]
[EventDate "2017.??.??"]
[EventType "schev"]
[EventCountry "TUR"]
[SourceTitle "playchess.com"]
[Source "ChessBase"]
[SourceQuality "1"]

{[%evp 16,104,31,21,70,67,125,87,112,116,126,108,93,105,132,114,123,109,112,88,89,66,65,63,113,129,117,127,118,118,123,110,122,10,10,10,10,10,19,22,24,15,20,14,27,17,21,14,8,0,38,38,41,41,41,35,18,22,26,12,12,12,12,21,12,12,12,12,12,4,4,1,31,31,31,31,31,0,0,0,0,0,0,0,0,0,0,0,0,0,0]} 1. e4 e6 2. d4 d5 3. Nd2 {[%cal Bb1d2,Bd2f1,Bf1e3,Be3g4][%mdl 32]} Nc6 4. Ngf3 Nf6 5. e5 Nd7 6. Be2 f6 7. exf6 Qxf6 8. Nf1 Bd6 9. Ne3 {LiveBook: 233 Games} h6 {C04: French Tarrasch: 3...Nc6} 10. O-O Ne7 $146 (10... O-O $14) ({Predecessor:} 10... Nf8 11. c4 dxc4 12. Bxc4 Bd7 13. d5 exd5 14. Nxd5 Qf5 15. Re1+ Ne6 16. b4 O-O-O 17. Qa4 {1-0 (30) El Debs,F (2510)-Ferreira,H (2204) Goiania 2016}) 11. Re1 Qf7 {White is better.} 12. Ng4 Nf5 13. Bd3 O-O 14. c3 Kh8 15. Qe2 Qh5 16. h3 (16. Qxe6 $2 Nc5 $19) 16... Nh4 17. Nfh2 ({Avoid the trap} 17. Qxe6 $2 Nc5 $19) 17... Nf6 18. Ne5 (18. g3 {is interesting.} Nf5 19. Ne5 Ne7 20. Qxh5 Nxh5 21. Nhg4) 18... Qxe2 19. Rxe2 {Strongly threatening g3.} Bxe5 20. Rxe5 ({Much worse is} 20. dxe5 $6 Nd7 $11) 20... Bd7 21. g3 Nf5 22. Re2 Nd6 23. Bf4 a5 24. Nf3 ({Better is} 24. Kg2 $16) 24... Nh5 $11 25. Bxd6 Rxf3 26. Bg6 cxd6 27. Bxh5 Rf6 28. Rae1 g5 29. Bg4 {[%cal Rg4e6]} Re8 30. Kg2 Kg7 31. Bh5 Ref8 32. f3 Be8 33. Bg4 Bf7 34. Bxe6 Bxe6 35. Rxe6 Rxf3 $14 {[%mdl 4096] Endgame KRR-KRR} 36. R1e2 R3f6 37. a4 Rxe6 38. Rxe6 $11 {KR-KR} Rf6 $1 {[%cal Rf6e6]} 39. Re8 {And now Ra8 would win.} Rf8 $1 {[%cal Rf8e8]} 40. Rxf8 (40. Re7+ {with more complications.} Rf7 41. Re1 Rf8 42. Ra1 Re8 43. Kf3) 40... Kxf8 {KP-KP} 41. Kf3 Kf7 $1 42. b3 h5 43. g4 h4 44. Ke3 {b4 is the strong threat.} Ke6 45. Kd3 Kd7 $1 46. c4 (46. b4 $5 {[%cal Rb4a5]} b6 47. c4 $14) 46... Kc6 {The position is equal.} 47. Kc3 dxc4 $1 48. bxc4 b6 49. Kd2 (49. Kd3 $5 {[%cal Rd4d5]} Kd7 50. Ke4 $11) 49... Kc7 50. Ke3 {[#] Hoping for d5.} Kd7 $1 51. Kd3 Ke7 $1 52. Ke4 Ke6 $1 {Precision: White = 52%, Black = 71%.} 1/2-1/2

[Event "MTS Logistics 2017"]
[Site "Urla"]
[Date "2017.07.09"]
[Round "4.1"]
[White "Guseynov, Alihan"]
[Black "Evdokimov, Alexander A"]
[Result "1/2-1/2"]
[WhiteElo "2352"]
[BlackElo "2493"]
[Annotator "TA"]
[PlyCount "32"]
[EventDate "2017.??.??"]
[EventType "schev"]
[EventCountry "TUR"]
[SourceTitle "playchess.com"]
[Source "ChessBase"]
[SourceQuality "1"]

{[%evp 15,16,0,78]} 1. d4 Nf6 2. c4 e6 3. Nc3 c5 4. Nf3 cxd4 5. Nxd4 Nc6 6. g3 Qb6 7. Ndb5 Ne5 8. Bf4 {A33: Symmetrical English: 2 Nf3 Nf6 3 d4 cxd4 4 Nxd4 e6 5 Nc3 Nc6} (8. Bg2 a6 9. Na3 Bxa3 10. bxa3 Nxc4 11. O-O Qc5 12. Na4 Qb5 13. Nc3 Qc5 14. Na4 Qb5 15. Nc3 {½-½ (15) Grischuk,A (2750)-Svidler,P (2755) Moscow 2017}) 8... d6 {LiveBook: 4 Games} (8... Nfg4 $11 9. e3 Qc6) {Predecessor:} 9. Bg2 $146 Nfg4 10. O-O a6 11. Na4 Qd8 12. Na3 Ng6 13. Bd2 Rb8 14. c5 dxc5 15. Nc4 N4e5 16. Nxe5 Nxe5 {0-1 (39) Wells,P (2525)-Jakovenko,D (2608) Warsaw 2005} 1/2-1/2